000 00493nam a2200181Ia 4500
005 20250508152851.0
008 008 250505s9999 xx 000 0 eng d
037 _aTextual
040 _aFEDL
_beng
_cFEDL
041 _aeng
_2eng
084 _a688.722, YAM
_qFEDL
100 _aYamada Tokubei
_9762609
245 0 _aJapanese dolls
260 _aTokyo, Japan
_bJapan Travel Bureau
_c1959
300 _axiv,190p
942 _cTEXL
_h688.722, YAM
999 _c1339290
_d1339290